[Event "World Youth Girl U18 2016"]
[Site "Khanty-Mansiysk RUS"]
[Date "2016.10.01"]
[Round "9.2"]
[White "Khomeriki, Nino"]
[Black "Tsolakidou, Stavroula"]
[Result "0-1"]
[WhiteTitle "WIM"]
[BlackTitle "WGM"]
[WhiteElo "2357"]
[BlackElo "2355"]
[WhiteFideId "13603191"]
[BlackFideId "4264312"]
[EventDate "2016.09.22"]

1. d4 Nf6 2. c4 e6 3. Nf3 c5 4. d5 d6 5. Nc3 exd5 6. cxd5 g6 7. Bf4 a6 8. a4 Bg7
9. h3 Qe7 10. e3 Nbd7 11. Be2 O-O 12. O-O Ne8 13. Qc2 Rb8 14. Nd2 Ne5 15. Bg3 f5
16. f4 Nf7 17. Bf2 Nc7 18. Bf3 b5 19. axb5 axb5 20. Rfe1 Qd8 21. Rab1 Bb7 22. b4
cxb4 23. Rxb4 Rc8 24. Rb3 Nxd5 25. Ndb1 b4 26. Bxd5 Bxd5 27. Rxb4 Qc7 28. Rc1
Be4 29. Rxe4 fxe4 30. Qxe4 Qc4 31. Qxc4 Rxc4 32. Ne2 Rxc1+ 33. Nxc1 Rb8 34. Nd2
Rb2 35. Nf1 Rb1 36. Ne2 d5 37. g4 Nd6 38. Ng3 Nc4 39. Kg2 Rb2 40. Kf3 Rb3 41.
Ke2 Bf8 42. h4 Bd6 43. h5 Kf7 44. hxg6+ hxg6 45. Be1 Ra3 46. Bf2 d4 47. exd4
Bxf4 48. Ne4 Ke6 49. Nfg3 Bxg3 50. Nxg3 Kd5 51. Kf1 Ne3+ 52. Bxe3 Rxe3 53. Ne2
Ke4 54. Kf2 Rd3 55. d5 Ke5 56. d6 Rxd6 57. Ke3 Ra6 58. Kf3 Ra3+ 59. Kg2 Ra2 60.
Kf3 Rxe2 61. Kxe2 Kf4 62. g5 Kxg5 63. Kf3 Kh4 64. Kg2 Kg4 65. Kg1 Kg3 0-1

[Event "World Youth Girl U18 2016"]
[Site "Khanty-Mansiysk RUS"]
[Date "2016.10.01"]
[Round "9.3"]
[White "Lahav, Michal"]
[Black "Ghukasyan, Siranush"]
[Result "1-0"]
[WhiteElo "2054"]
[BlackElo "2106"]
[WhiteFideId "2813742"]
[BlackFideId "13300946"]
[EventDate "2016.09.22"]

1. e4 e5 2. Nf3 Nc6 3. Bb5 a6 4. Ba4 Nf6 5. O-O Be7 6. c3 d6 7. Re1 O-O 8. h3 b5
9. Bb3 Bb7 10. d4 Re8 11. Ng5 Rf8 12. Nf3 Nd7 13. Nbd2 exd4 14. cxd4 Bf6 15. Nf1
Na5 16. Bc2 Re8 17. N1h2 c5 18. Ng4 Bxd4 19. Nxd4 cxd4 20. a4 Nc6 21. Ra3 Nde5
22. Rg3 Ng6 23. f4 Qh4 24. Kh2 f6 25. Bd2 Kh8 26. Bb3 Re7 27. Nf2 Rae8 28. axb5
axb5 29. Rg4 Qh5 30. Bd5 Nd8 31. Nh1 Bxd5 32. Ng3 Bb3 33. Qxb3 Qc5 34. Bb4 Qc4
35. Qa3 d3 36. Nf5 Nc6 37. Nxe7 Nxb4 38. Nxg6+ hxg6 39. Qa7 Nc2 40. Rxg6 Rg8 41.
Rg4 g5 42. fxg5 fxg5 43. Rf1 Qc5 44. Qf7 Rg7 45. Qe8+ Kh7 46. Rf5 d5 47. Rh4+ 1-0

[Event "World Youth Girl U18 2016"]
[Site "Khanty-Mansiysk RUS"]
[Date "2016.10.01"]
[Round "9.4"]
[White "Uuriintuya, Uurtsaikh"]
[Black "Abdusattorova, Bakhora"]
[Result "1-0"]
[WhiteTitle "WIM"]
[BlackTitle "WFM"]
[WhiteElo "2228"]
[BlackElo "2177"]
[WhiteFideId "4900227"]
[BlackFideId "14204126"]
[EventDate "2016.09.22"]

1. e4 e5 2. Nf3 Nc6 3. Bb5 a6 4. Ba4 Nf6 5. d3 b5 6. Bb3 Be7 7. O-O d6 8. c3 O-O
9. Re1 Nb8 10. a4 Bb7 11. Nbd2 Nbd7 12. Nf1 c5 13. Ng3 Rc8 14. h3 Re8 15. axb5
axb5 16. d4 c4 17. Bc2 Ra8 18. Bg5 Qc7 19. Nf5 Bf8 20. Rb1 h6 21. Bc1 Rad8 22.
d5 Nc5 23. N3h4 Kh7 24. Qf3 Ng8 25. g4 g6 26. Ng3 Bg7 27. Ng2 Bc8 28. Be3 Bd7
29. Nh4 Rf8 30. Ra1 Rb8 31. Bd2 Bf6 32. Ng2 Bg5 33. Ne3 Kg7 34. Kg2 Ra8 35. Rab1
Qd8 36. Rh1 Qf6 37. Qe2 Ra2 38. Nef5+ Bxf5 39. gxf5 Bxd2 40. Qxd2 Qg5 41. Qe2
Qh4 42. Qe3 Nf6 43. Rhg1 Kh7 44. Ra1 Rxa1 45. Rxa1 Qg5 46. Qxg5 hxg5 47. Ra7 Kh6
48. Rc7 Nfd7 49. Rc6 Nb7 50. b4 cxb3 51. Bxb3 Ra8 52. Bd1 Ra3 53. Be2 Ndc5 54.
Bxb5 Rxc3 55. Rc7 Rxg3+ 56. fxg3 gxf5 57. exf5 Nd8 58. Rc6 Ndb7 59. Ba6 Na5 60.
Rxd6+ Kg7 61. Rb6 e4 62. Bc8 Nc4 63. Rc6 Ne3+ 64. Kf2 Nd1+ 65. Ke1 Nb2 66. d6
Kf6 67. d7+ Ke7 68. Rd6 Kd8 69. Rf6 Ncd3+ 70. Ke2 Ne5 71. Rh6 Ke7 72. Rh8 Nxd7
73. Bxd7 Kxd7 74. Ke3 Ke7 75. Kxe4 Nc4 76. g4 Nd6+ 77. Kd5 Ne8 78. Rxe8+ Kxe8
79. f6 1-0

[Event "World Youth Girl U18 2016"]
[Site "Khanty-Mansiysk RUS"]
[Date "2016.10.01"]
[Round "9.5"]
[White "Mahalakshmi, M"]
[Black "Stanciu, Ioana-Georgiana"]
[Result "1-0"]
[WhiteTitle "WIM"]
[WhiteElo "2221"]
[BlackElo "1931"]
[WhiteFideId "5001080"]
[BlackFideId "1202294"]
[EventDate "2016.09.22"]

1. Nf3 Nf6 2. g3 g6 3. Bg2 Bg7 4. d4 c5 5. d5 d6 6. c4 a6 7. a4 e6 8. O-O exd5
9. cxd5 O-O 10. Nc3 Re8 11. a5 b5 12. axb6 Qxb6 13. Nd2 Bg4 14. h3 Bd7 15. Nc4
Qc7 16. e4 Ra7 17. Bf4 Bf8 18. g4 Rb7 19. e5 Rb4 20. b3 dxe5 21. d6 Qd8 22. Bg5
Be6 23. Ne4 Nbd7 24. Nxf6+ Nxf6 25. d7 Bxd7 26. Bxf6 Qxf6 27. Qxd7 Rd8 28. Rxa6
Qh4 29. Qc7 Bg7 30. Nd6 Rf4 31. Ra4 Qf6 32. Rxf4 exf4 33. Ne4 Qd4 34. Qxc5 1-0

[Event "World Youth Girl U18 2016"]
[Site "Khanty-Mansiysk RUS"]
[Date "2016.10.01"]
[Round "9.6"]
[White "Nguyen, Thanh Thuy Tien"]
[Black "Balajayeva, Khanim"]
[Result "0-1"]
[WhiteTitle "WIM"]
[BlackTitle "WFM"]
[WhiteElo "1978"]
[BlackElo "2147"]
[WhiteFideId "12400998"]
[BlackFideId "13406396"]
[EventDate "2016.09.22"]

1. c4 e6 2. Nf3 d5 3. b3 c5 4. Bb2 Nc6 5. g3 Nf6 6. Bg2 d4 7. O-O Be7 8. e3 e5
9. exd4 cxd4 10. Re1 Nd7 11. a3 a5 12. d3 O-O 13. a4 Bb4 14. Re2 Re8 15. Ba3
Bxa3 16. Nxa3 Nc5 17. Nb5 Bf5 18. Ne1 Nb4 19. Be4 Bxe4 20. dxe4 Qd7 21. f3 Rad8
22. Rd2 f5 23. exf5 Qxf5 24. Ng2 Rf8 25. Nh4 Qg5 26. Rb1 Qe3+ 27. Kg2 d3 28. g4
Qg5 29. Kh3 e4 30. Nf5 e3 31. Rg2 Ne6 32. Nbd6 e2 33. Qg1 Rxd6 0-1

[Event "World Youth Girl U18 2016"]
[Site "Khanty-Mansiysk RUS"]
[Date "2016.10.01"]
[Round "9.7"]
[White "Hu, Yu A."]
[Black "Drogovoz, Irina"]
[Result "0-1"]
[BlackTitle "WIM"]
[WhiteElo "2049"]
[BlackElo "2144"]
[WhiteFideId "8609993"]
[BlackFideId "4176715"]
[EventDate "2016.09.22"]

1. e4 c5 2. Nf3 d6 3. d4 cxd4 4. Nxd4 Nf6 5. Nc3 a6 6. Be3 e5 7. Nb3 Be6 8. h3
h5 9. Be2 Nbd7 10. Qd2 b5 11. a3 Rc8 12. O-O Be7 13. Rad1 Nb6 14. Na5 Qc7 15. f4
Na4 16. Nxa4 Nxe4 17. Qe1 bxa4 18. Bxa6 Rb8 19. c4 Bd8 20. f5 Bd7 21. Nb7 Rxb7
22. Bxb7 Qxb7 23. c5 d5 24. Rf3 O-O 25. Qe2 Bc6 26. Bf2 Be7 27. f6 Bxf6 28. Rf5
g6 29. Rxf6 Nxf6 30. Qxe5 Ne4 31. Bd4 f6 32. Qf4 Qb3 33. Re1 Qd3 34. Be3 d4 35.
Qh6 Nxc5 36. Bf4 Re8 0-1

[Event "World Youth Girl U18 2016"]
[Site "Khanty-Mansiysk RUS"]
[Date "2016.10.01"]
[Round "9.8"]
[White "Shivacheva, Donika"]
[Black "Krasnokutskaya, Sofiya"]
[Result "0-1"]
[WhiteElo "2063"]
[BlackElo "2086"]
[WhiteFideId "2900840"]
[BlackFideId "14150735"]
[EventDate "2016.09.22"]

1. e4 c5 2. Nc3 g6 3. f4 Nc6 4. Nf3 Bg7 5. Bb5 Nd4 6. O-O Nxb5 7. Nxb5 d5 8. e5
d4 9. c3 Bd7 10. Na3 dxc3 11. dxc3 Nh6 12. Qe2 O-O 13. Be3 Qc7 14. Ng5 f6 15.
Qc4+ Kh8 16. e6 Bc6 17. Nf3 Nf5 18. Bd2 b6 19. Rad1 Rad8 20. Qe2 Nd6 21. Be3 Qc8
22. Bc1 b5 23. Nc2 Ne4 24. f5 Rxd1 25. Qxd1 gxf5 26. Nh4 Nd6 27. Qh5 Be8 28. Qe2
Bg6 29. b4 Ne4 30. Qxb5 cxb4 31. Nd4 bxc3 32. Nhxf5 Bxf5 33. Qxf5 Qc5 34. Qxe4
f5 35. Qb7 Qxd4+ 36. Kh1 Qd6 37. Re1 Rd8 38. Qxa7 c2 39. Bf4 Qxf4 40. Qxe7 Qd2 0-1

[Event "World Youth Girl U18 2016"]
[Site "Khanty-Mansiysk RUS"]
[Date "2016.10.01"]
[Round "9.9"]
[White "Assaubayeva, Bibisara"]
[Black "Unuk, Laura"]
[Result "1-0"]
[WhiteTitle "WFM"]
[BlackTitle "WIM"]
[WhiteElo "2287"]
[BlackElo "2332"]
[WhiteFideId "13708694"]
[BlackFideId "14609215"]
[EventDate "2016.09.22"]

1. d4 Nf6 2. c4 e6 3. Nc3 Bb4 4. f3 d5 5. a3 Bxc3+ 6. bxc3 O-O 7. cxd5 exd5 8.
e3 c6 9. Bd3 Nbd7 10. Ne2 Re8 11. O-O b6 12. Ng3 c5 13. e4 cxd4 14. cxd4 dxe4
15. fxe4 Nf8 16. Bb2 Ng6 17. e5 Nd5 18. Qf3 Be6 19. Ne4 Ngf4 20. Bb1 Qh4 21. Nd6
Rf8 22. Be4 f5 23. Bc2 Qg4 24. Qxg4 fxg4 25. Rae1 Rab8 26. Bc1 g5 27. Ne4 h6 28.
Bb3 Kg7 29. Bxf4 Rxf4 30. Rxf4 gxf4 31. Nf6 Rd8 32. Bxd5 Bxd5 33. Nh5+ Kf7 34.
Nxf4 Bb3 35. d5 Rxd5 36. Nxd5 Bxd5 37. Kf2 Ke6 38. Kg3 h5 39. Kh4 Bxg2 40. Kxh5
Kf5 41. e6 Bc6 42. e7 Be8+ 43. Kh4 b5 44. Kg3 a5 45. Kh4 b4 46. axb4 axb4 47.
Re3 Kf6 48. Kxg4 b3 49. Rxb3 Kxe7 50. Kg5 Bc6 51. Kg6 Bd5 52. Rb8 Bf7+ 53. Kg7
Bh5 54. h4 Bd1 55. Rh8 1-0

[Event "World Youth Girl U18 2016"]
[Site "Khanty-Mansiysk RUS"]
[Date "2016.10.01"]
[Round "9.10"]
[White "Santeramo, Alessia"]
[Black "Fuentes Godoy, Lilia Ivonne"]
[Result "1/2-1/2"]
[WhiteTitle "WFM"]
[BlackTitle "WIM"]
[WhiteElo "2001"]
[BlackElo "2142"]
[WhiteFideId "850810"]
[BlackFideId "5104130"]
[EventDate "2016.09.22"]

1. e4 c5 2. Nf3 Nc6 3. Bb5 e6 4. O-O Nge7 5. Re1 Nd4 6. Nxd4 cxd4 7. d3 a6 8.
Ba4 b5 9. Bb3 Nc6 10. a4 b4 11. Nd2 Be7 12. Qh5 Qa5 13. e5 d5 14. Nf3 Qb6 15.
Bg5 O-O 16. h4 Ra7 17. Nh2 f6 18. exf6 Bxf6 19. Nf3 Raf7 20. Qg4 Kh8 21. Qg3 Na5
22. Re2 Nxb3 23. cxb3 a5 24. Rae1 Bd7 25. h5 h6 26. Bxf6 Rxf6 27. Ne5 Be8 28.
Ng4 Bxh5 29. Nxf6 Rxf6 30. Rc2 Bg6 31. Rc8+ Kh7 32. Ra8 Qc6 33. Rxa5 Qc2 34. Ra6
Bf5 35. Rb6 Qd2 36. f3 Rg6 37. Qf2 Qxd3 38. Rxb4 Bh3 39. g3 e5 40. Rxe5 Rc6 41.
Rxd4 Rc1+ 42. Kh2 Qb1 43. Kxh3 Rf1 44. Qxf1 Qxf1+ 45. Kg4 Qc1 46. Rexd5 Qc8+ 47.
Rd7 Qc6 48. R4d6 Qc5 49. Kh3 Qf2 50. Rd3 Qf1+ 51. Kg4 Qc1 52. b4 h5+ 53. Kxh5
Qh6+ 54. Kg4 Qe6+ 55. Kf4 Kh6 56. g4 g5+ 57. Kg3 Qe1+ 58. Kg2 Qe2+ 59. Kh3 Qf1+
60. Kh2 Qf2+ 1/2-1/2

[Event "World Youth Girl U18 2016"]
[Site "Khanty-Mansiysk RUS"]
[Date "2016.10.01"]
[Round "9.11"]
[White "Gazikova, Veronika"]
[Black "Mamontova, Anastasia"]
[Result "1-0"]
[WhiteTitle "WFM"]
[BlackTitle "WFM"]
[WhiteElo "2213"]
[BlackElo "2021"]
[WhiteFideId "14919311"]
[BlackFideId "34100234"]
[EventDate "2016.09.22"]

1. e4 c6 2. d4 d5 3. exd5 cxd5 4. c4 Nf6 5. Nc3 Nc6 6. Bg5 Be6 7. Nf3 Ne4 8. Be2
g6 9. Be3 Nxc3 10. bxc3 dxc4 11. Rb1 Qa5 12. O-O Nd8 13. Ne5 Rc8 14. Rb4 a6 15.
Bxc4 Bxc4 16. Nxc4 Qf5 17. Nb6 e5 18. Qa4+ Nc6 19. Rc4 exd4 20. cxd4 Rd8 21. d5
Rxd5 22. Rxc6 bxc6 23. Qxc6+ Rd7 24. Rd1 Bd6 25. Nxd7 Qxd7 26. Rxd6 1-0

[Event "World Youth Girl U18 2016"]
[Site "Khanty-Mansiysk RUS"]
[Date "2016.10.01"]
[Round "9.12"]
[White "Kanakova, Natalie"]
[Black "Lingur, Zalina"]
[Result "0-1"]
[BlackTitle "WFM"]
[WhiteElo "2175"]
[BlackElo "1986"]
[WhiteFideId "350486"]
[BlackFideId "34165670"]
[EventDate "2016.09.22"]

1. e4 c5 2. Nf3 d6 3. d4 cxd4 4. Nxd4 Nf6 5. Nc3 a6 6. Be2 e5 7. Nb3 Be7 8. O-O
O-O 9. Kh1 b6 10. Be3 Bb7 11. f3 b5 12. a4 b4 13. Nd5 Nxd5 14. exd5 a5 15. c4
bxc3 16. bxc3 Nd7 17. c4 Bg5 18. Bf2 Qc7 19. Ra2 Rfb8 20. c5 dxc5 21. d6 Qb6 22.
Rb2 Bc6 23. Bc4 Qd8 24. Qe2 Nb6 25. Bb5 Bxb5 26. Qxb5 Qxd6 27. Bxc5 Qe6 28. Nxa5
Nd7 29. Nb7 Nxc5 30. Qxc5 Rxa4 31. Rfb1 h6 32. g3 Rc4 33. Qf2 Rbc8 34. Na5 Rc3
35. Kg2 Qd5 36. Nb3 e4 37. fxe4 Qxe4+ 38. Kh3 Rc2 39. Qb6 Qf5+ 40. g4 Qf3# 0-1

[Event "World Youth Girl U18 2016"]
[Site "Khanty-Mansiysk RUS"]
[Date "2016.10.01"]
[Round "9.13"]
[White "Yakimenko, Viktoria"]
[Black "Fiadosenka, Rahneda"]
[Result "1/2-1/2"]
[WhiteElo "2160"]
[BlackElo "2059"]
[WhiteFideId "24174998"]
[BlackFideId "13503740"]
[EventDate "2016.09.22"]

1. e4 Nf6 2. e5 Nd5 3. d4 d6 4. c4 Nb6 5. exd6 exd6 6. Nc3 Be7 7. Bd3 Nc6 8. Be3
O-O 9. b3 Bf6 10. Nge2 Bg4 11. Qd2 a5 12. Rc1 a4 13. O-O Re8 14. Rfe1 axb3 15.
axb3 d5 16. c5 Nc8 17. h3 Bxe2 18. Nxe2 N8e7 19. b4 Ra3 20. b5 Na5 21. Rc3 Rxc3
22. Qxc3 Nc4 23. Bc1 Qd7 24. Bxc4 dxc4 25. Qxc4 Nf5 26. Rd1 Qe7 27. Rd2 Qe4 28.
Qc2 Qxc2 29. Rxc2 Nxd4 30. Nxd4 Re1+ 31. Kh2 Bxd4 32. Bf4 Be5 33. Bxe5 Rxe5 34.
b6 c6 35. Rd2 Kf8 36. Rd7 Re7 37. Rd8+ Re8 38. Rd7 Re7 39. Rd8+ 1/2-1/2

[Event "World Youth Girl U18 2016"]
[Site "Khanty-Mansiysk RUS"]
[Date "2016.10.01"]
[Round "9.14"]
[White "Vidic, Teja"]
[Black "Suchomelova, Simona"]
[Result "1/2-1/2"]
[WhiteTitle "WFM"]
[WhiteElo "2121"]
[BlackElo "1958"]
[WhiteFideId "14605511"]
[BlackFideId "348864"]
[EventDate "2016.09.22"]

1. e4 e6 2. d4 d5 3. Nd2 c5 4. exd5 exd5 5. Ngf3 Nc6 6. Bb5 Bd6 7. dxc5 Bxc5 8.
O-O Ne7 9. Nb3 Bd6 10. Re1 O-O 11. c3 Bg4 12. Be2 Re8 13. Nfd4 Bxe2 14. Rxe2 a6
15. Bg5 Qd7 16. Bxe7 Rxe7 17. Rxe7 Bxe7 18. Qe2 Bf6 19. Re1 Nxd4 20. cxd4 b6 21.
h3 1/2-1/2

[Event "World Youth Girl U18 2016"]
[Site "Khanty-Mansiysk RUS"]
[Date "2016.10.01"]
[Round "9.15"]
[White "Marjina, Arina"]
[Black "Jibuti, Nata"]
[Result "1-0"]
[WhiteTitle "WFM"]
[BlackTitle "WFM"]
[WhiteElo "2076"]
[BlackElo "1865"]
[WhiteFideId "34100242"]
[BlackFideId "13603094"]
[EventDate "2016.09.22"]

1. e4 c5 2. Nf3 d6 3. Bb5+ Bd7 4. Bxd7+ Qxd7 5. c4 Nf6 6. Nc3 g6 7. d4 cxd4 8.
Nxd4 Bg7 9. b3 O-O 10. Bb2 Nc6 11. O-O a6 12. Nxc6 Qxc6 13. Nd5 Nxd5 14. exd5
Qd7 15. Bxg7 Kxg7 16. Qe2 b5 17. Rfe1 Rfe8 18. Rac1 Rac8 19. h4 bxc4 20. Rxc4
Rxc4 21. Qxc4 Qf5 22. b4 Rc8 23. Qxa6 Rc2 24. Qa7 Qxd5 25. a4 e5 26. b5 Rb2 27.
Qe3 Qa2 28. h5 Qe6 29. h6+ Kf8 30. Qc3 Rb3 31. Qc7 Rd3 32. b6 Qe8 33. b7 Rb3 34.
Qxd6+ Kg8 35. Qxe5 Qf8 36. Rd1 f6 37. Qe6+ 1-0

[Event "World Youth Girl U18 2016"]
[Site "Khanty-Mansiysk RUS"]
[Date "2016.10.01"]
[Round "9.16"]
[White "Uktamova, Marjona"]
[Black "Wozniak, Mariola"]
[Result "1/2-1/2"]
[BlackTitle "WIM"]
[WhiteElo "1542"]
[BlackElo "2246"]
[WhiteFideId "14209128"]
[BlackFideId "1152050"]
[EventDate "2016.09.22"]

1. e4 c5 2. Nc3 Nc6 3. g3 g6 4. Bg2 Bg7 5. d3 d6 6. Be3 Rb8 7. Nge2 b5 8. Qd2 b4
9. Nd1 Qb6 10. O-O Nf6 11. Bh6 O-O 12. Bxg7 Kxg7 13. Ne3 a5 14. f4 Ba6 15. Kh1
a4 16. g4 e6 17. g5 Nd7 18. f5 exf5 19. exf5 Nce5 20. f6+ Kh8 21. Nd5 Qa5 22.
Qe1 Nb6 23. Ne7 Nc8 24. Qf2 Bb7 25. Bxb7 Rxb7 26. Qg2 Nxe7 27. fxe7 Rxe7 28. Nf4
Qa8 29. Nd5 Re6 30. Nf6 Qxg2+ 31. Kxg2 Kg7 32. Rf2 Nc6 33. Raf1 Re7 34. Ne4 Rd7
35. Rf6 Nd4 36. Rxd6 Rxd6 37. Nxd6 Nxc2 38. Rf2 Ne1+ 39. Kg3 Nxd3 40. Rd2 Nc1
41. Rc2 Nxa2 42. Rxc5 Rd8 43. Ne4 Ra8 44. Rc2 a3 45. bxa3 Nc3 46. Nxc3 Rxa3 47.
Kf4 Rxc3 48. Rb2 Rc4+ 49. Ke3 h6 50. gxh6+ Kxh6 51. Kf3 f5 52. Kg2 Kh5 53. Rb3
g5 54. Rh3+ Kg4 55. Rb3 f4 56. h3+ Kf5 57. Kf2 Rc3 58. Rxb4 Rxh3 59. Rb5+ Kg4
60. Kg2 Ra3 61. Rb2 f3+ 62. Kh2 Kf4 63. Rb4+ Ke3 64. Kg3 g4 65. Rxg4 f2 66. Rf4
Ra8 67. Rf3+ Ke4 68. Rxf2 1/2-1/2

[Event "World Youth Girl U18 2016"]
[Site "Khanty-Mansiysk RUS"]
[Date "2016.10.01"]
[Round "9.17"]
[White "Sit, Victoria"]
[Black "Yakimenko, Anastasia"]
[Result "1/2-1/2"]
[WhiteElo "1768"]
[BlackElo "1983"]
[WhiteFideId "425524"]
[BlackFideId "24174980"]
[EventDate "2016.09.22"]

1. d4 Nf6 2. c4 g6 3. Nf3 Bg7 4. g3 d5 5. cxd5 Nxd5 6. Bg2 O-O 7. O-O Nc6 8. Nc3
Nb6 9. e3 Bf5 10. Nh4 Bd7 11. b3 a5 12. a3 Qc8 13. Re1 Rd8 14. Bb2 e5 15. d5 Ne7
16. e4 Bh3 17. Bxh3 Qxh3 18. Qe2 c6 19. dxc6 bxc6 20. Qe3 Nd7 21. Na4 Rdb8 22.
Rab1 Rb5 23. Red1 Rab8 24. Ba1 Qe6 25. Qa7 R8b7 26. Qa8+ Rb8 27. Qa7 R8b7 28.
Qa8+ Rb8 29. Qa7 1/2-1/2

[Event "World Youth Girl U18 2016"]
[Site "Khanty-Mansiysk RUS"]
[Date "2016.10.01"]
[Round "9.18"]
[White "Xiang, Evan"]
[Black "Toshali, V"]
[Result "1-0"]
[WhiteTitle "WFM"]
[WhiteElo "1948"]
[BlackElo "1766"]
[WhiteFideId "2005816"]
[BlackFideId "5072611"]
[EventDate "2016.09.22"]

1. d4 Nf6 2. Nf3 g6 3. Bf4 Bg7 4. e3 O-O 5. Be2 d6 6. h3 b6 7. O-O Bb7 8. c3
Nbd7 9. Nbd2 Ne4 10. Nxe4 Bxe4 11. Rc1 Bb7 12. Qb3 c5 13. Rfd1 Rc8 14. a4 cxd4
15. exd4 Qc7 16. d5 Nf6 17. c4 Qd7 18. Qa3 Ne4 19. b4 e5 20. Bh2 f5 21. Bd3 Nxf2
22. Kxf2 e4 23. c5 exf3 24. Bb5 Qe7 25. Qxf3 bxc5 26. bxc5 Qh4+ 27. Bg3 Qb4 28.
Bxd6 Bd4+ 29. Kf1 Rfe8 30. Rc4 1-0

[Event "World Youth Girl U18 2016"]
[Site "Khanty-Mansiysk RUS"]
[Date "2016.10.01"]
[Round "9.19"]
[White "Parhomenko, Margarita"]
[Black "Yolal, Sena Gokcen"]
[Result "1-0"]
[WhiteElo "1940"]
[BlackElo "1737"]
[WhiteFideId "11603216"]
[BlackFideId "6337031"]
[EventDate "2016.09.22"]

1. f4 d5 2. Nf3 Nf6 3. b3 g6 4. Bb2 Bg7 5. e3 O-O 6. Be2 c5 7. O-O Nc6 8. Bb5
Bd7 9. Bxc6 Bxc6 10. Ne5 Rc8 11. d3 Nd7 12. Nxc6 Rxc6 13. Bxg7 Kxg7 14. Qf3 Nf6
15. Nd2 Qa5 16. Qe2 Nd7 17. c4 e6 18. f5 d4 19. exd4 cxd4 20. b4 Qe5 21. f6+ Kg8
22. Ne4 Qh5 23. Qd2 Ne5 24. h3 h6 25. Rae1 Nd7 26. b5 Rc7 27. Rf4 e5 28. Rg4 Kh7
29. Ng3 Qxg4 30. hxg4 Nxf6 31. Rxe5 Nxg4 32. Re4 Nf6 33. Rxd4 Rc5 34. Qf4 Nh5
35. Nxh5 Rxh5 36. Rd5 1-0

[Event "World Youth Girl U18 2016"]
[Site "Khanty-Mansiysk RUS"]
[Date "2016.10.01"]
[Round "9.20"]
[White "Alijanzadeh, Mohadeseh"]
[Black "Trippold, Denise"]
[Result "0-1"]
[BlackTitle "WFM"]
[WhiteElo "1824"]
[BlackElo "2068"]
[WhiteFideId "12508632"]
[BlackFideId "1625594"]
[EventDate "2016.09.22"]

1. e4 c5 2. c3 Nf6 3. e5 Nd5 4. d4 cxd4 5. cxd4 e6 6. Nf3 d6 7. Bc4 Be7 8. O-O
O-O 9. Qe2 b6 10. Nc3 dxe5 11. Nxe5 Nxc3 12. bxc3 Qc7 13. Re1 Nc6 14. Bd2 Nxe5
15. dxe5 Bb7 16. Bb3 Rfd8 17. Rad1 Qc6 18. Qg4 Rac8 19. Bc2 Qc4 20. Qh3 g6 21.
Bb3 Qc6 22. f3 Bc5+ 23. Kh1 Rd3 24. Bc2 Rxf3 25. Qg4 h5 26. Qg5 Be7 27. Be4 Qxe4
28. Rxe4 Bxg5 29. gxf3 Bxe4 30. fxe4 Rd8 31. Bxg5 Rxd1+ 32. Kg2 Ra1 33. Be3
Rxa2+ 34. Kg3 Rc2 35. Bd4 a5 36. Bxb6 Rxc3+ 37. Kf4 a4 38. h4 a3 39. Kg5 a2 40.
Bd4 a1=Q 0-1

[Event "World Youth Girl U18 2016"]
[Site "Khanty-Mansiysk RUS"]
[Date "2016.10.01"]
[Round "9.21"]
[White "Oljobai Kyzy, Alisa"]
[Black "Wu, Min"]
[Result "0-1"]
[WhiteElo "1672"]
[BlackElo "1996"]
[WhiteFideId "13801953"]
[BlackFideId "1631969"]
[EventDate "2016.09.22"]

1. e4 e5 2. Nf3 Nc6 3. Bb5 a6 4. Ba4 Nf6 5. O-O Be7 6. c3 O-O 7. Re1 b5 8. Bc2
d6 9. d3 Na5 10. Nbd2 c5 11. Nf1 Re8 12. d4 Qc7 13. d5 c4 14. Ng3 Nb7 15. Bd2
Bd7 16. b4 a5 17. a3 Ra6 18. Bc1 Rea8 19. Ne2 g6 20. Qd2 Nh5 21. Bb2 Nd8 22. h3
f6 23. Nh2 Nf7 24. Ng4 Rf8 25. Ne3 Ng7 26. Ng3 h5 27. h4 Kh7 28. Qe2 Rfa8 29.
Qd2 Nh6 30. Qe2 Qc8 31. f3 Bd8 32. Ngf1 f5 33. g3 f4 34. Ng2 Bh3 35. gxf4 Bxg2
36. Qxg2 Bxh4 37. Re2 Qf8 38. fxe5 dxe5 39. Rd1 Qf6 40. Bc1 Rf8 41. Nh2 Nf7 42.
Rf1 g5 43. f4 gxf4 44. Bxf4 Qe7 45. Bg3 Rg6 46. Rf3 Bf6 47. Kh1 h4 48. Qf1 hxg3
49. Ng4 Rxg4 50. Rxf6 Rh4+ 51. Kg1 Nh5 52. Qf5+ Kh8 53. Re6 Qa7+ 54. Kg2 Rh2+
55. Kf3 Ng5+ 56. Kg4 Rxf5 57. Rxh2 gxh2 58. Rh6+ Nh7 59. exf5 h1=Q 0-1

[Event "World Youth Girl U18 2016"]
[Site "Khanty-Mansiysk RUS"]
[Date "2016.10.01"]
[Round "9.22"]
[White "Hwang, Chyi"]
[Black "Auvray, Honorine"]
[Result "0-1"]
[BlackTitle "WFM"]
[WhiteElo "1356"]
[BlackElo "1961"]
[WhiteFideId "16300920"]
[BlackFideId "600512"]
[EventDate "2016.09.22"]

1. e4 g6 2. Nf3 Bg7 3. d4 d6 4. Nc3 c6 5. Be2 Nf6 6. O-O O-O 7. Rb1 Qc7 8. Bc4
b5 9. Bd3 b4 10. Na4 Nbd7 11. Re1 e5 12. dxe5 dxe5 13. c3 bxc3 14. Nxc3 Rd8 15.
Qc2 Nc5 16. Bc4 Be6 17. Bxe6 Nxe6 18. b3 Rac8 19. Bb2 Nd4 20. Qd1 Nh5 21. Nxd4
exd4 22. Na4 c5 23. Rc1 Qe5 24. Rc2 Rd7 25. g3 Bf8 26. Qd3 Nf6 27. f3 Qe6 28.
Rec1 Rdc7 29. Bxd4 Qd7 30. e5 Ne8 31. Qe4 Qxd4+ 32. Qxd4 cxd4 33. Rxc7 Rxc7 34.
Rxc7 Nxc7 35. Kf2 Nd5 36. Nb2 f6 37. exf6 Kf7 38. Ke2 Kxf6 39. Kd3 Ke6 40. Nc4
Bg7 41. a3 Nb6 42. Nxb6 axb6 43. a4 Kd5 44. b4 Bf8 45. a5 bxa5 46. bxa5 Bg7 47.
f4 Kc5 48. g4 Kb5 49. g5 Kxa5 50. h4 Kb5 51. h5 Kc5 52. hxg6 hxg6 0-1

[Event "World Youth Girl U18 2016"]
[Site "Khanty-Mansiysk RUS"]
[Date "2016.10.01"]
[Round "9.23"]
[White "Methmani, Nelunika"]
[Black "Liscinska, Jana"]
[Result "1/2-1/2"]
[WhiteTitle "WIM"]
[WhiteElo "1612"]
[BlackElo "1712"]
[WhiteFideId "9910050"]
[BlackFideId "14928612"]
[EventDate "2016.09.22"]

1. d4 Nf6 2. c4 c5 3. d5 b5 4. cxb5 a6 5. bxa6 g6 6. Nc3 Bxa6 7. g3 d6 8. Bg2
Nbd7 9. Nf3 Nb6 10. Rb1 Bg7 11. O-O Ra7 12. b3 O-O 13. Nh4 Qc7 14. Qc2 Rb8 15.
Rd1 Nfd7 16. Bb2 Ne5 17. Nf3 Nbd7 18. Nxe5 Nxe5 19. Ba1 Qa5 20. Qd2 Rab7 21. Qc2
c4 22. Na4 cxb3 23. axb3 Qb5 24. Bf1 Qa5 25. Bc3 Rc8 26. Rbc1 Rbc7 27. b4 Qxb4
28. Qa2 Qc4 29. Qa3 Qe4 30. Bg2 Qxe2 31. Bf1 Nf3+ 32. Kg2 Qe4 33. Bxa6 Ne1+ 34.
Kf1 Qh1+ 35. Ke2 Qe4+ 36. Kf1 Qh1+ 1/2-1/2